| 000 | 00758 a2200205 4500 | ||
|---|---|---|---|
| 003 | OSt | ||
| 005 | 20240314125031.0 | ||
| 008 | 160819b xxu||||| |||| 00| 0 eng d | ||
| 020 | _a0 | ||
| 040 | _c0 | ||
| 082 | _a658.562 MUK 1996 | ||
| 100 |
_aMuhammad Ashraf _9122143 |
||
| 245 |
_aTavatur miyar aur quality control: _bbehtar karkardagi aur karobar mein taraqqi ka zamin/ _cMuhammad Ashraf |
||
| 260 |
_aLahore _bIbrahim _c1996 |
||
| 300 |
_a126 p _bPB |
||
| 440 |
_aToqeer Mayuar aur Quality Control _9122144 |
||
| 880 |
_6245-02\r _aتواتر معیار اور کوالٹی کنٹرول: _bبہتر کارکردگی اور کاروبار میں ترقی کا ضامن |
||
| 880 |
_6100-01\r _aمحمد اشرف |
||
| 942 |
_aNBS _cBK _k658.562 MUK _2ddc |
||
| 999 |
_c343971 _d343971 |
||